[Event "Olympiad-36"]
[Site "Mallorca"]
[Date "2004.10.27"]
[Round "12"]
[White "Avrukh, Boris"]
[Black "Harikrishna, Pentala"]
[Result "1-0"]
[WhiteElo "2614"]
[BlackElo "2612"]
[Annotator "Avrukh,B"]
[PlyCount "79"]
[EventDate "2004.10.15"]
[EventType "team-swiss"]
[EventRounds "14"]
[EventCountry "ESP"]
[SourceTitle "CBM 104"]
[Source "ChessBase"]
[SourceDate "2005.01.27"]
[SourceVersion "1"]
[SourceVersionDate "2005.01.27"]
[SourceQuality "1"]
[WhiteTeam "Israel"]
[BlackTeam "India"]
[WhiteTeamCountry "ISR"]
[BlackTeamCountry "IND"]

1. d4 {Krasenkow} Nf6 2. c4 g6 3. Nc3 d5 4. cxd5 Nxd5 5. e4 Nxc3 6. bxc3 Bg7 7.
Nf3 c5 8. Rb1 O-O 9. Be2 b6 {Thanks to Garry Kasparov this line has gained a
huge popularity nowadays.} 10. O-O Bb7 11. Qd3 Ba6 12. Qe3 (12. Qc2 {is
another interesting alternative.}) 12... Qd7 13. d5 {Krasenkow: A natural and
strong move, for unknown reasons rarely seen in tournament practice till
recently.} Bxe2 {Black decides to pick up the c3-pawn, but that allows White
to seize a very strong initiative.} ({The critical line is} 13... Qa4 $142 14.
Rb3 {Krasenkow} (14. Bxa6 $5 {Krasenkow} Qxa6 15. Rb2 Qc4 16. Rb3 Nd7 17. Nd2
Qa4 18. Ra3 Qc2 19. c4 e6 20. Qb3 (20. Qh3 Bd4 $1 21. Qh6 (21. dxe6 Ne5 $1)
21... Rfe8 22. Rh3 Nf8 23. Nf3 Bg7 24. Qf4 Qxc4 $17 {0-1 Pogorelov,R-Avrukh,B/
Andorra 2001/CBM 83 ext (35)}) 20... Qxb3 21. axb3 exd5 22. exd5 Rfe8 23. Nf3
Re2 24. Re1 Rc2 $6 (24... Rxe1+ 25. Nxe1 $14 {_|_}) 25. Bf4 Bf8 26. Kf1 f6 27.
h4 $16 {[%csl Rc2] 1-0 Comas Fabrego,L-Avrukh,B/Ubeda 2001/CBM 80 ext (49)})
14... Qxa2 (14... Bxe2 15. Qxe2 e6 16. c4 Re8 17. e5 Nd7 18. Ra3 Qb4 19. Re3 b5
20. dxe6 fxe6 21. cxb5 Rab8 22. Rd1 $16 {1-0 Mikhalevski,V-Tseitlin,M/Montreal
2004/CBM 101 ext (57)}) 15. c4 Qa4 16. Ra3 Qd7 17. e5 $44 {1-0 Porat,
D-Delemarre,J/Hoogeveen 2004/CBM 102 ext (29)}) 14. Qxe2 Bxc3 (14... e6 {
Krasenkow} 15. c4 Re8 16. Bb2 Bxb2 17. Qxb2 exd5 18. exd5 Qd6 19. Rfe1 Nd7 20.
a4 Rab8 21. g3 a6 22. Ng5 Rxe1+ 23. Rxe1 b5 24. axb5 axb5 25. Qh8+ $1 Kxh8 26.
Nxf7+ Kg8 27. Nxd6 bxc4 28. Nxc4 $18 {1-0 Vera,R-Ripari,M/Malaga 2001/EXT 2002
(41)}) 15. Bh6 (15. Rd1 $5 {Krasenkow} Bg7 16. Bb2 $1 (16. e5 e6 17. d6 Nc6 18.
Bf4 f6 19. exf6 Rxf6 20. Qe4 Rf5 21. Bg3 Raf8 22. h4 Nd4 23. Nxd4 Bxd4 24. Rd2
e5 $19 {0-1 Notkin,M-Shomoev,A/playchess.com INT 2004/CBM 99 ext (37)}) 16...
Qa4 $6 17. Bxg7 Kxg7 18. Rbc1 Nd7 19. Rc4 Qa6 20. e5 b5 21. Rh4 h6 22. Qe3 Rh8
23. e6 $1 $16 {1-0 Pein,M-Newman,T/Parsippany 2003/EXT 2004 (30)}) 15... Re8
$146 (15... Bg7 16. Bxg7 Kxg7 17. Rfd1 $44 {[%csl Gb8]} Kg8 18. Rb3 Rc8 19. e5
{[%csl Gd5,Ge5]} c4 20. e6 fxe6 21. Ne5 Qe8 (21... Qc7 {Krasenkow} 22. Rg3 {
[%csl Rg8]}) 22. Nxc4 Na6 23. Qxe6+ {White has recaptured the pawn maintaining
excellent attacking prospects.} Qf7 24. Qg4 Nc5 25. Rf3 Qg7 26. h4 {1-0
Moiseenko,A-Kovchan,A/Kharkov 2002/CBM 89/[Krasenkow] (45)}) 16. Rb3 Bh8 17.
Ng5 e5 {Too optimistic.} ({I was expecting} 17... Bf6 {but after the correct}
18. Rd1 {black faces very serious problems with the development of his
queenside pieces.} ({with idea} 18. f4 $140 e6 19. dxe6 fxe6 20. e5 Bxg5 21.
Bxg5 Nc6 {[%cal Gc6d4] and Black is fine}) (18. Rh3 $5)) 18. f4 {The most
logical follow-up.} f6 ({More stubborn was :} 18... exf4 19. Rxf4 f5 $1 {
computer's move} (19... Bd4+ 20. Kh1 f6 21. Rbf3 $36 {[%cal Gf4f6]}) (19...
Qxd5 20. exd5 Rxe2 21. Rxf7 Na6 22. Rbf3 Ree8 23. d6 $18 {wins easily}) 20. Qc4
(20. d6 Qa4 $1 {[%csl Gc4]}) (20. Ne6 $140 Nc6 $1) 20... Bd4+ 21. Kh1 Qd6 22.
exf5 (22. Ne6 Nc6) 22... Re1+ 23. Rf1 Rxf1+ 24. Qxf1 Nd7 $8 25. Ne6 Re8 26. Bf4
$40 {and White still keeps good attacking possibilities.}) 19. fxe5 $1 Rxe5 ({
White wins beautifully after} 19... fxg5 20. Qf2 {[%cal Gf2f8]} (20. e6 $143
Qd6 21. Rbf3 Bd4+ 22. Kh1 Nc6 $1) (20. Rbf3 Bg7 21. e6 Qa4 {[%cal Ga4d4]})
20... Bg7 (20... Na6 21. e6 $18) 21. e6 Bd4 22. Re3 $1 (22. exd7 Bxf2+ 23. Rxf2
Nxd7 $13) 22... Bxe3 23. Qxe3 Qa4 24. Qf3 Qd4+ 25. Kh1 Nc6 26. Qf7+ Kh8 27.
dxc6 Qe5 28. e7 $18) 20. Nf3 Re8 21. Qc4 $1 {[%csl Gg8] The point. Now the
e4-e4 breakthrough in the center is inevitable and White obtains a decisive
advantage.} Bg7 (21... Qd6 22. e5 fxe5 23. Ng5 $18 {[%cal Gg5e4]}) 22. Bxg7
Qxg7 23. e5 Nd7 (23... fxe5 24. Ng5 {wins immediately.}) 24. e6 (24. d6+ $2 Qf7
(24... Kh8 $2 25. e6 $18) 25. Qxf7+ Kxf7 26. Ng5+ Kg8 (26... Kg7 27. exf6+ Nxf6
28. Rbf3 $16) 27. exf6 Re5 $13) 24... b5 (24... Nf8 $142 25. Re3 Rad8 26. Nd2 {
[%cal Gd2e4]} (26. d6 Rxd6 27. e7+ Qf7 28. exf8=Q+ Rxf8 29. Qe2 $16) 26... f5 {
[%csl Ge4]} 27. Nf3 $16 {[%csl Ge5]}) 25. Rxb5 Nb6 26. Rxb6 $1 {The easiest
way for victory, White's two pawns on the 6th rank will easily decide the game.
} (26. Qxc5 Rad8 $132) 26... axb6 27. d6 $18 {[%csl Gd6,Ge6]} Kh8 (27... Qa7
28. e7+ Kg7 29. Ne5 Qxa2 (29... fxe5 30. Rf7+ Kh8 31. Qe6 $18) 30. Qxa2 Rxa2
31. d7 Raa8 32. Nc6 {winning both rooks .}) 28. Qd5 $1 {The decisive manoeuvre,
White's queen will penetrate to d6-square with great effect. The rest is very
easy.} Rad8 29. d7 Re7 30. Qd6 g5 31. Rb1 Qf8 32. a4 ({Avoiding unnecessary
complications after:} 32. Rxb6 g4 33. Nh4 Qh6 {[%csl Gg1]}) 32... Kg8 33. Qxb6
Rg7 34. Qc7 g4 35. Nh4 {[%cal Gh4f5]} Rg5 36. Rf1 {[%cal Gh4f5] Now White's
knight decisively gets into the play.} Qe7 (36... Re5 37. Qxe5 $1 fxe5 38.
Rxf8+ Kxf8 39. Nf5 $18) 37. Nf5 Rxf5 38. Rxf5 Kg7 39. Rf1 Kg6 40. Rd1 {Black
is absolutely hopeless against next 41 Qd8 followed by 42 d7 .} 1-0

[Event "ISR-ch"]
[Site "Tel Aviv"]
[Date "2002.11.30"]
[Round "6"]
[White "Avrukh, Boris"]
[Black "Greenfeld, Alon"]
[Result "1/2-1/2"]
[WhiteElo "2595"]
[BlackElo "2553"]
[Annotator "Avrukh,B"]
[PlyCount "68"]
[EventDate "2002.11.24"]
[EventType "swiss"]
[EventRounds "9"]
[EventCountry "ISR"]
[SourceTitle "CBM 093"]
[Source "ChessBase"]
[SourceDate "2003.04.01"]
[SourceVersion "1"]
[SourceVersionDate "2003.04.01"]
[SourceQuality "1"]

1. d4 Nf6 2. c4 g6 3. Nc3 d5 4. Nf3 Bg7 5. cxd5 Nxd5 6. e4 Nxc3 7. bxc3 c5 8.
Rb1 O-O 9. Be2 Nc6 10. d5 Ne5 11. Nxe5 Bxe5 12. Qd2 Bg7 13. f4 e5 $6 {Nowadays
this move is a very rare quest in tournament practice,and has quite a bad
reputation.The present game doesn't change a valuation of this line.} (13... e6
$142) 14. O-O exf4 15. Qxf4 f5 $2 $146 ({The main line is-} 15... Qe7 16. Bc4
$1 Be5 (16... Bxc3 17. d6 Bd4+ 18. Kh1 Qe8 19. Bd5 $44) 17. Qg5 Qd6 (17... Qxg5
$5 18. Bxg5 f6 (18... Bxc3 $143 19. Be7 $1 $14 {[%cal Gd5d6]}) 19. Be3 (19. Bh6
$5) 19... b6 $13) 18. Bf4 $1 f6 (18... Re8 19. Bxe5 Rxe5 20. Qf4 $16) 19. Bxe5
fxe5 (19... Qxe5 20. Qxe5 fxe5 21. d6+ Kg7 22. Rxf8 Kxf8 23. Rf1+ $18 {[%cal
Gf1f7]}) 20. h4 $1 {[%cal Gh4h5]} h5 21. Rxf8+ Kxf8 22. Qh6+ Kg8 (22... Ke8 23.
Rf1 $18) 23. g4 $1 $16 {1/2-1/2 Wells,P-Rowson,J/London 1997/CBM 62/[Ftacnik] 
(31)}) 16. e5 $1 {Of course!} Bxe5 $6 (16... Re8 17. e6 Qxd5 18. Bc4 Qe5 (18...
Qc6 19. Bb5) 19. e7+ (19. Qh4 $2 Bxe6 20. Re1 Qxe1+ $1 21. Qxe1 Bxc4 $17) 19...
Kh8 20. Qxe5 Bxe5 21. Bg5 $36 {[%cal Gc4b5,Gc4f7]} (21. Re1 Bf6 22. Bf4) 21...
h6 22. Bf7 Be6 $8 23. Bxe8 Rxe8 24. Bh4 $16 {[%cal Gb1b7,Gf1e1]}) 17. Qxe5 Re8
18. Qg3 Rxe2 {Black won a pawn ,but it's not important at all,in fact weak
dark squares in balck camp is the most decisive factor for a future battle.}
19. Re1 $1 {[%csl Rf6,Rg7,Rh6] Very logical and very strong,the idea is to
exchange the only black active piece.} ({Another interesting alternative} 19.
Bg5 $5 Qe8 (19... Qxd5 $2 20. Rbd1 Qf7 21. Rd8+ Re8 22. Rxe8+ Qxe8 23. Re1 $1 (
23. Rd1 $143 Be6 24. Qc7 Qf7) 23... Qd7 (23... Qc6 24. Re7 {[%cal Gg3e5]}) (
23... Be6 24. Qd6 Kf7 25. Qe5 $18) 24. h3 $1 {and black is hopeless}) 20. Rfe1
Bd7 21. h3 {but i have prefered my bishop on h6,which in future will creat
serious mating threats.}) 19... Qe8 (19... Rxe1+ $143 20. Qxe1 b6 (20... Qxd5
$140 21. Qe8+ Kg7 22. Qe7+ Qf7 23. Bh6+ {[%csl Gf7]}) 21. Qe5 $1) 20. Bh6 (20.
Be3 Rxe1+ (20... Qe4 21. Rxe2 Qxb1+ 22. Re1 Qd3 23. Qd6 $18) 21. Rxe1 Qf7 22.
Bxc5 Bd7 23. c4 Re8 $14) 20... Bd7 21. Rxe2 Qxe2 22. h3 $5 (22. Qd6 Qe8 (22...
Qe4 23. h3 $3 {Greenfeld} (23. Rf1 Qe8 24. Qxc5 b6 25. Qd4 Qe7 $14) 23... Qh4
$8 (23... Qxb1+ 24. Kh2 $18 {[%cal Gd6e7]}) 24. Bf4 b6 25. g3 Qd8 26. Re1 Be8
27. Qe5 Qd7 {[%cal Gd7g7]} 28. Bh6 $1 $16) 23. Qf6 Qf7 24. Qxf7+ Kxf7 25. Rxb7
Ke7 26. c4 $16 {[%csl Ra7,Gb7,Rc5]}) 22... b6 23. Qc7 Qe8 24. c4 Kf7 (24... Qf7
25. Qb7 Qe8 26. d6 Qc8 (26... Qe4 27. Qxd7 Qxb1+ 28. Kh2 $18) 27. Qd5+ Be6 28.
d7 $1 $18) 25. Bg5 h6 26. Bh4 $4 {Complete black-out} (26. Bxh6 $142 Qe7 (26...
Qd8 27. Qg3 Qf6 28. Bg5 Qd4+ 29. Kh1 {[%cal Gg3c7]}) 27. Qb7 Qd8 28. d6 Qc8 29.
Qd5+ Be6 30. Qf3 {and it's difficult to believe,that black will manage to hold
this position} (30. Qe5 Qh8)) 26... g5 27. Bg3 $6 $138 (27. Bf2 f4 28. Re1 Qd8
29. Qd6 Bf5 30. Qxh6 Qf6 31. Qh5+ Bg6 (31... Qg6 32. Qe2) 32. Qg4 Bf5 $11)
27... f4 28. Re1 Qd8 29. Qd6 $2 (29. Bxf4 $1 gxf4 (29... Qxc7 30. Bxc7 $11) 30.
Qxf4+ Qf6 (30... Kg7 31. d6 $18 {[%cal Ge1e7]}) 31. Qc7 Qd8 32. Qf4+ $11) 29...
Bf5 $2 $138 (29... fxg3 $1 30. Qxh6 {[%cal Ge1f1]} (30. Rf1+ Kg7 31. Qe5+ Kg8
$19) 30... Qh8 $3 (30... Qf6 $2 31. Qh7+ Qg7 32. Re7+) 31. Qxg5 Qd4+ $1 {
this move i missed in my previous calculation} 32. Kh1 Qf6 33. Qxg3 Re8 $17)
30. Qxh6 Qf6 (30... fxg3 $2 31. d6 {[%cal Ge1e7]}) 31. Qh5+ (31. Qxf6+ $143
Kxf6 32. Bf2 Bd3 $17 {[%csl Ra2,Rc4,Rd5]}) 31... Bg6 (31... Qg6 32. Qf3 Re8 33.
Rxe8 Kxe8 34. Bf2 Bd3 35. Qd1 $1 $132 {[%cal Gd1a4]}) 32. Qg4 Bf5 (32... Re8 {
Black could play for a win,but white had quite sufficient defensive resources,
for example:} 33. Rxe8 Kxe8 {[%csl Rc4,Rd5]} 34. Qc8+ Kf7 35. Bf2 Bd3 (35...
Qa1+ 36. Kh2 Qxa2 37. Qe6+ Kg7 38. Qe5+ Kh7 39. Qe7+ Kh6 40. Qf8+ $11) 36. Qc7+
Qe7 (36... Kg6 37. d6 $36) 37. d6 Qxc7 38. dxc7 Bf5 39. h4 $1 $11) 33. Qh5+ Bg6
34. Qg4 Bf5 1/2-1/2

[Event "Wch U20"]
[Site "Zagan"]
[Date "1997.07.17"]
[Round "4"]
[White "Tihonov, Jurij"]
[Black "Avrukh, Boris"]
[Result "0-1"]
[WhiteElo "2415"]
[BlackElo "2550"]
[Annotator "Avrukh,B"]
[PlyCount "94"]
[EventDate "1997.07.14"]
[EventType "swiss"]
[EventRounds "13"]
[EventCountry "POL"]
[SourceTitle "CBM 059 Extra"]
[Source "ChessBase"]
[SourceDate "1997.09.26"]
[SourceVersion "1"]
[SourceVersionDate "1997.09.26"]
[SourceQuality "1"]

{[%mdl 8270]} 1. d4 Nf6 2. c4 g6 3. Nc3 d5 4. cxd5 Nxd5 5. e4 Nxc3 6. bxc3 Bg7
7. Nf3 c5 8. Rb1 O-O 9. Be2 Nc6 10. d5 Ne5 11. Nxe5 Bxe5 12. Qd2 e6 13. f4 Bc7
$5 14. O-O exd5 15. exd5 Ba5 16. d6 b6 (16... Rb8 17. g4 Bd7 18. f5 gxf5 19.
Bd3 Kh8 20. Bxf5 Rg8 21. Bxd7 Qxd7 22. h3 f5 (22... Rg6 $142) 23. Bb2 {[%cal
Gc3c4]} c4 $8 24. Qd4+ Rg7 25. Bc1 b5 26. Qf6 $16 {1-0 Wells,P-Huzman,A/
Antwerpen op 1993 (30)}) (16... Bf5 $5 17. Rxb7 Qf6 18. Bb2 Rfb8 19. Rxb8+ Rxb8
20. Rd1 Be6 21. Bf3 h5 22. Rc1 Bf5 23. Ba3 c4 $44 {1/2-1/2 Sakaev,K-Tseitlin,M/
St. Peterburg 1992 (25)}) 17. Bf3 Bf5 (17... Rb8 $6 18. Bb2 Bf5 19. Rbd1 $16)
18. Bxa8 Bxb1 19. Bd5 (19. Bc6 Qf6 20. Bb2 Rd8 21. Rd1 (21. Rxb1 Rxd6) 21...
Bxa2 {/\22...Bb3}) (19. Bb2 $142 $1 Qxa8 (19... Bf5 $142 {A.B.}) 20. Rxb1 $16 {
[%cal Gb1d1,Gd6d7] Dorfman.}) 19... Bf5 20. Bb2 b5 (20... Qf6 $2 21. c4 Bxd2
22. Bxf6 Bd7 23. f5 gxf5 24. Bf3 h6 25. Be7 Re8 26. h4 f4 27. g3 Be3+ 28. Kg2 {
1-0 Leitao,R-Yin,H/XII WYCF b18, Cala Galdana ESP 1996}) 21. Re1 $146 (21. g4
$2 Bxg4 22. Qg2 Qxd6 23. c4 Bf5 24. Be5 Qe7 25. cxb5 c4 26. Kh1 Qc5 {/\c5->c1}
27. Be4 Bxe4 28. Qxe4 Bd2 29. Bd4 Qxb5 30. f5 c3 31. Rg1 Re8 32. Qg2 Qxf5 33.
Qc6 Qe4+ {0-1 Vaisser,A-Mikhalevski,V/EUCup f Lyon 1994}) (21. Bc6 $6 c4 22.
Qd5 Be6 23. Qxb5 Bb6+ 24. Kh1 Qxd6) (21. Ba3 $6 Qb6 $1 {/\b4,Rd8}) (21. Bf3
$142 $1) 21... Qf6 22. Re7 {[%cal Gc3c4]} c4 23. Kh1 Bd3 24. Ba3 $2 (24. Rxa7
Bb6 (24... Qxd6 25. Rxa5 Qxd5 26. a4 Re8 27. Rxb5 Qa8 28. Re5 $11) 25. Ra6 Qxd6
26. Ba3 Qxd5 27. Bxf8 Qb7 28. Rxb6 Qxb6 29. Bh6 $11) 24... Bxc3 25. Qe3 Bd4 (
25... b4 26. d7 (26. Bxf7+ Rxf7 27. d7 Rxe7 28. d8=Q+ Kf7 $19) 26... bxa3 27.
Rxf7 Qxf7 28. Bxf7+ Kxf7 $17) 26. Qe1 Bc3 27. Rxf7 (27. Qe3 b4 $1 {see 25...b4}
(27... Bd4 $11)) 27... Rxf7 28. Qe8+ Kg7 29. d7 Qxf4 (29... Ba5 {[%cal Gf6a1]
was also very strong.} 30. h3 (30. Bb2 Qxb2 31. Qxf7+ Kh6 32. h3 Qg7 $19)) 30.
h3 (30. Qxf7+ Qxf7 31. Bxf7 Ba5 (31... Bf6 $2 32. Bb2) 32. Bb4 Bd8 33. Bd5 Kf6
$17) 30... Rxd7 (30... Qf1+ 31. Kh2 Rxd7 32. Qxd7+ Kh6 {[%cal Gc3e5]} 33. Qe7)
31. Qxd7+ Kh6 32. Bc5 Bd4 (32... Qf1+ $1 33. Kh2 Be5+ 34. g3 Qe2+ 35. Bg2 Bxg3+
$1 $19) 33. Bxd4 Qxd4 34. Qf7 {[%csl Gh6]} Qa1+ 35. Kh2 Qe5+ 36. g3 Qf5 $1 37.
Qe7 Qf2+ $2 $138 (37... Qxd5 38. Qf8+ Kh5 39. g4+ Kg5 $19) 38. Bg2 c3 39. Qh4+
Kg7 40. Qe7+ Qf7 41. Qc5 (41. Qe5+ Qf6 42. Qc7+ Kh6 {and black must win.})
41... c2 42. Qd4+ Qf6 43. Qxa7+ Kh6 44. Qe3+ Qg5 45. Qf2 Bf5 46. Qc5 Qd8 47. h4
$2 (47. Qe3+ $142 g5 (47... Qg5 48. Qc5) 48. h4 Kg6 49. Be4 Qf6 50. Bxf5+ Qxf5
51. Qe8+ Kh6 52. Qe3 b4 53. Qd2 Qc5 $19) 47... Qd2 0-1

[Event "EU-Cup 23rd"]
[Site "Kemer"]
[Date "2007.10.06"]
[Round "4.4"]
[White "Petrosian, Tigran L"]
[Black "Avrukh, Boris"]
[Result "0-1"]
[WhiteElo "2604"]
[BlackElo "2645"]
[Annotator "Avrukh,B"]
[PlyCount "58"]
[EventDate "2007.10.03"]
[EventType "team-swiss"]
[EventRounds "7"]
[EventCountry "TUR"]
[SourceTitle "CBM 121"]
[Source "ChessBase"]
[SourceDate "2007.11.14"]
[SourceVersion "1"]
[SourceVersionDate "2007.11.14"]
[SourceQuality "1"]
[WhiteTeam "Yerevan"]
[BlackTeam "Ashdod"]
[WhiteTeamCountry "ARM"]
[BlackTeamCountry "ISR"]

1. d4 Nf6 2. c4 g6 3. Nc3 d5 4. cxd5 Nxd5 5. e4 Nxc3 6. bxc3 Bg7 7. Be3 {
Nowadays this line is not so popular as it was after the famous
Kramnik-Kasparov 2nd game of their London match..} c5 8. Rc1 Qa5 9. Qd2 O-O {
It was a long time since I had been working on this variation I had the
feeling that Black has a good game. And this game doesn't change that
assessment.} 10. Nf3 ({Another line is} 10. d5) 10... Rd8 11. d5 e6 12. c4
Qxd2+ 13. Kxd2 ({The most popular reply is} 13. Nxd2 {also there Black hardly
experiences any problems.}) 13... Na6 $146 {All three game where this position
has occured saw:} (13... b6 {here is the latest example:} 14. Bd3 Na6 15. Bg5
f6 16. Be3 Nb4 17. Bb1 Bb7 {0-1 Lipnowski,S-Tyomkin,D/Winnipeg 2004/CBM 102
ext (29)} (17... f5 18. a3 fxe4 19. Ng5 Nd3 20. Bxd3 exd3 21. Nxe6 Bxe6 22.
dxe6 Bb2 $17)) 14. Bg5 $6 {The first inaccuracy . The play is very concrete
here and White cannot afford to waste time.} ({Better was} 14. Bd3 b6 15. Bb1 {
,although here Black has a good game after :} Bb7 16. Ke2 exd5 17. exd5 $11 {
One of Black's main ideas in this line is to force White to capture on d5 with
the e-pawn.} (17. cxd5 f5 $36)) 14... f6 15. Be3 (15. Bh4 $2 Bh6+ $19) 15... b6
({Of course the immediate} 15... f5 {was possible, but I wasn't sure about the
position after :} 16. e5 exd5 17. cxd5 Rxd5+ 18. Ke1 Be6 19. Bc4 {and decided
to make a useful move.}) 16. Ng1 $2 {You don't need to be a grandmaster to
understand that this move is very bad. White's idea was to play f3 after f5,
and then to develop his pieces, but it's too slow and allows Black to take
over the initiative.} (16. Be2 f5 17. Bg5 Rd7 $1 18. Kc2 fxe4 19. dxe6 Nb4+ 20.
Kb3 Rd6 21. e7 Kf7 $17) (16. Ne1 f5 17. f3 Re8 {is also better for Black.} (
17... fxe4 18. fxe4 exd5 19. cxd5 Re8 20. d6 Rxe4 21. Nf3 $132)) ({It was not
so easy to find the best} 16. Re1 $142 {,although here I would prefer Black
after} h6 $1 {[%csl Gg5] following by f5.} (16... f5 $140 17. Bg5 Re8 18. exf5
gxf5 $13)) 16... f5 17. f3 Re8 $1 $17 {[%csl Ge3,Ge4] A very good rook
manoeuvre, which secures Black's advantage.} ({It would be not so clever to
play} 17... fxe4 $143 18. fxe4 exd5 19. cxd5 (19. exd5 Bf5 $15) 19... Re8 {
since after} 20. d6 $1 Rxe4 21. Nf3 {White gets counterplay.} Rxe3 $140 22.
Kxe3 Bh6+ 23. Kf2 Bxc1 24. Bc4+ Kg7 25. Rxc1 $44) 18. Bg5 {Strange move ,but
it's difficult to suggest anything better :} (18. exf5 gxf5 19. Nh3 (19. Bg5 h6
20. Bh4 exd5 21. cxd5 Nb4 22. Bc4 Ba6 23. Bxa6 Nxa6 24. Ne2 Nb4 25. d6 Re6 26.
Bg3 Nxa2 $17) 19... exd5 20. cxd5 Nb4 $17 {[%csl Gd5]}) (18. Nh3 fxe4 19. fxe4
exd5 20. cxd5 (20. exd5 $2 Bxh3 21. gxh3 Rxe3 $1 22. Kxe3 Bh6+ $19) 20... Rxe4
21. Ng5 (21. d6 Bxh3 $1 22. gxh3 Rd8 23. Bxa6 Rxd6+ 24. Bd3 c4 $19) 21... Ra4
22. Bc4 b5 $1 $17) 18... fxe4 19. fxe4 exd5 20. exd5 Bf5 {After this Black has
a great advantage.} (20... Bb2 $6 21. Rb1 Ba3 22. Nf3 $11) 21. Ne2 Re4 {
Now White cannot move his N, because of 22...Rd4, with immediate disaster.} ({
Another option would be} 21... Bb2 $5 22. Rd1 Re4 $17) 22. h3 h6 ({The natural
} 22... Rae8 $1 {would be even stronger, due to the following line:} 23. g4 Bd7
24. Rh2 Bb2 $1 25. Rb1 (25. Rc2 Be5 26. Rf2 Nb4 $19) 25... Be5 26. Rf2 Rxc4 $19
) 23. Bf4 h5 $4 {An incredible blunder, which could have cost me at least half
a point.} ({The correct move would have been.} 23... g5 24. Be3 Bb2 (24... Rae8
25. Ng3 (25. Bf2 Bb2 26. Re1 Bg6 27. Ng3 Rxe1 28. Bxe1 Nb4 $19) 25... Rxe3 26.
Nxf5 Ra3 27. Bd3 Rxa2+ 28. Rc2 $17 {with some chances}) 25. Rb1 Rxe3 26. Rxb2
Rd3+ 27. Ke1 Re8 28. Kf2 Nb4 29. Ng1 Ra3 $17) 24. g3 $2 $138 ({White misses a
golden opportunity to get counterplay after} 24. g4 $1 hxg4 (24... Rxf4 25.
Nxf4 Bh6 26. gxf5 Bxf4+ 27. Kd1 Bxc1 28. Kxc1 gxf5 29. Rg1+ Kf7 30. Rg5 Kf6 31.
h4 $1 $14) 25. Bg2 $1 Ree8 26. hxg4 Bxg4 27. Ng3 $44 {and the worst for White
is over.}) 24... Rae8 25. Rh2 Nb4 $19 {Now it's over, White is totally lost.}
26. g4 (26. a3 Nd3 27. Rd1 (27. Kxd3 Rxe2#) 27... Nb2 $19) 26... hxg4 27. hxg4
Bxg4 28. Rf2 Bxe2 29. Bxe2 Rd4+ (29... Rd4+ 30. Ke1 Nd3+ {wins.}) 0-1